书目信息 |
| 题名: |
喀喇昆仑山-昆仑山地区自然地理
|
|
| 作者: | 郑度 主编 | |
| 分册: | ||
| 出版信息: | 北京 科学出版社 1999 |
|
| 页数: | 190页 | |
| 开本: | 26cm | |
| 丛书名: | 青藏高原喀喇昆仑山-昆仑山地区科学考察丛书 | |
| 单 册: | ||
| 中图分类: | P942.776 | |
| 科图分类: | ||
| 主题词: | 自然地理--青藏高原 | |
| 电子资源: | ||
| ISBN: | 7-03-006933-1 | |
| 000 | 00711nam0 2200217 45 | |
| 001 | 0303251575 | |
| 005 | 20031219104108.1 | |
| 010 | @a7-03-006933-1@dCNY30.00 | |
| 100 | @a20030325d1999 km y0chiy0120 ea | |
| 101 | 0 | @achi |
| 105 | @aak z 000yy | |
| 200 | 1 | @a喀喇昆仑山-昆仑山地区自然地理@AKa La Kun Lun Shan-Kun Lun Shan Di Qu Zi Ran Di Li@f郑度主编@FZheng Du Zhu Bian |
| 210 | @a北京@c科学出版社@d1999 | |
| 215 | @a190页@c图@d26cm | |
| 225 | @a青藏高原喀喇昆仑山-昆仑山地区科学考察丛书 | |
| 410 | @12001 @a青藏高原喀喇昆仑山-昆仑山地区科学考察丛书 | |
| 606 | 0 | @a自然地理@y青藏高原 |
| 690 | @aP942.776@v4 | |
| 701 | 0 | @a郑度@4主编 |
| 801 | @aCN@bTSTC@c20030325 | |
| 905 | @b321624-625@dP942.776@e88@f2 | |
| 喀喇昆仑山-昆仑山地区自然地理/郑度主编.-北京:科学出版社,1999 |
| 190页:图;26cm.-(青藏高原喀喇昆仑山-昆仑山地区科学考察丛书) |
| ISBN 7-03-006933-1:CNY30.00 |
| ● |
| 相关链接 |
|
|
|
|
正题名:喀喇昆仑山-昆仑山地区自然地理
索取号:P942.776/88
 
预约/预借
| 序号 | 登录号 | 条形码 | 馆藏地/架位号 | 状态 | 备注 |
| 1 | 0321624 | 203216242 | 第三借阅区/ [索取号:P942.776/88] | 在馆 | |
| 2 | 0321625 | 203216251 | 第二样本阅览室/ [索取号:P942.776/88] | 在馆 |